000 02672cam a2200433 4500500
005 20260208001833.0
041 _afre
042 _adc
100 1 0 _aBorn, Charles-Hubert
_eauthor
245 0 0 _aChronique de droit européen de la biodiversité – 2013
260 _c2014.
500 _a85
520 _aLa présente chronique, annuelle, a pour objet de présenter et de commenter de façon synthétique les principales évolutions législatives et jurisprudentielles du droit de l’Union européenne dans le domaine de la biodiversité pour l’année 2013 (en incluant les développements importants jusqu’au 1er juillet 2014 si nécessaire pour des raisons de cohérence). L’adoption de la stratégie européenne sur l’infrastructure verte, l’arrêt Sweetman de la Cour de justice, le règlement du différend sur l’interdiction des produits dérivés du phoque par l’organe d’appel de l’OMC, les réformes de la PAC et de la PCP, les évolutions normatives et jurisprudentielles en matière d’OGM et l’adoption du nouveau règlement LIFE sont les points les plus marquants de cette année 2013.
520 _aEuropean biodiversity law columnThis annual update aims to summarize the key legislative and case law developments in the field of EU biodiversity law for the year 2013 (including significant developments to 1 July 2014 when it is necessary for consistency). The adoption of the EU Strategy on green infrastructure, the Sweetman judgment of the Court of Justice, the settlement of the dispute on the ban of seal products by the Appellate Body of the WTO, the CAP and CFP reforms, the normative and case law developments on GMOs and the adoption of the new LIFE Regulation are the most important landmarks of this year 2013.
690 _abiodiversité
690 _abiotechnologie
690 _acommerce des espèces
690 _aforêt
690 _ainfrastructure verte
690 _amilieu marin
690 _aNatura 2000
690 _apêche
690 _aprogramme LIFE
690 _aréforme de la PAC
690 _aservice écosystémique
690 _abiodiversity
690 _abiotechnology
690 _aCAP reform
690 _aecosystem services
690 _afishery
690 _aforest
690 _agreen infrastructures
690 _aLIFE program
690 _amarine environment
690 _aNatura 2000
690 _atrade in species
786 0 _nRevue juridique de l’environnement | Volume 39 | 4 | 2014-12-21 | p. 688-708 | 0397-0299
856 4 1 _uhttps://droit.cairn.info/revue-juridique-de-l-environnement-2014-4-page-688?lang=fr&redirect-ssocas=7080
999 _c1645477
_d1645477